[Event "Open Leisure Tournament"]
[Site "SchemingMind.com"]
[Date "2008.04.07"]
[Round "-"]
[White "smothered mate"]
[Black "Joe Daudish"]
[Result "1-0"]
[WhiteCountry "POL"]
[BlackCountry "USA"]
[WhiteElo "1938"]
[WhiteRD "52"]
[BlackElo "1780"]
[BlackRD "46"]
[GameID "149468"]

1. e4 e6 2. c4 c6 3. Nc3 d5 4. cxd5 cxd5 5. exd5 exd5 6. Qb3 Nf6 7. Nf3 Be7 8. d4 O-O 9. Bd3 b6 10. O-O Bb7
11. Re1 h6 12. Bf4 Bd6 13. Ne5 Nc6 14. Nb5 Bxe5 15. dxe5 Ne8 16. Nd6 Rb8 17. Rad1 Nc7 18. Bb1 Ne7 19. Qg3 Kh8 20. Qd3 Ng6
21. Nxf7+ Rxf7 22. Qxg6 Kg8 23. e6
1-0

[Event "Open Leisure Tournament"]
[Site "SchemingMind.com"]
[Date "2008.04.07"]
[Round "-"]
[White "Joe Daudish"]
[Black "smothered mate"]
[Result "0-1"]
[WhiteCountry "USA"]
[BlackCountry "POL"]
[WhiteElo "1780"]
[WhiteRD "46"]
[BlackElo "1938"]
[BlackRD "52"]
[GameID "149476"]

1. d4 d5 2. Nf3 Bf5 3. Bf4 Nd7 4. e3 Ngf6 5. h3 e6 6. Bd3 Bg6 7. Bxg6 hxg6 8. Nbd2 Bd6 9. Bxd6 cxd6 10. O-O Rc8
11. c3 Ne4 12. Qc2 Ndf6 13. Nxe4 dxe4 14. Nh2 d5 15. f4 Nh5 16. Qf2 f5 17. Rfc1 g5 18. fxg5 Qxg5 19. Rc2 Rc7 20. Rac1 f4
21. exf4 Nxf4 22. Kh1 Nd3 23. Qf1 Rf7 24. Qd1 Rf2 25. Kg1 Qxg2#
0-1

[Event "Open Leisure Tournament"]
[Site "SchemingMind.com"]
[Date "2008.04.17"]
[Round "-"]
[White "flodur"]
[Black "agrillage"]
[Result "1/2-1/2"]
[WhiteCountry "AUS"]
[BlackCountry "MLT"]
[WhiteElo "2036"]
[WhiteRD "87"]
[BlackElo "2128"]
[BlackRD "89"]
[GameID "151015"]

1. e4 g6 2. d4 Bg7 3. Nc3 d6 4. Be3 a6 5. Qd2 b5 6. a4 b4 7. Nd1 a5 8. c3 Nf6 9. f3 bxc3 10. bxc3 O-O
11. Bd3 Nbd7 12. Ne2 c6 13. O-O e5 14. Nf2 d5 15. Bh6 Re8 16. Bxg7 Kxg7 17. Ng3 Ba6 18. Bxa6 Rxa6 19. f4 exd4 20. e5 Ng8
21. Qxd4 f6 22. Rab1 Rb6 23. Nd3 Rxb1 24. Rxb1 Qc7 25. Re1 Qb6 26. exf6+ Ngxf6 27. Rxe8 Qxd4+ 28. cxd4 Nxe8 29. Ne5 Nxe5 30. fxe5 Kf7
31. Kf2 Nc7 32. Ne2 Na8 33. Nc1=
1/2-1/2

[Event "Open Leisure Tournament"]
[Site "SchemingMind.com"]
[Date "2008.04.17"]
[Round "-"]
[White "agrillage"]
[Black "flodur"]
[Result "0-1"]
[WhiteCountry "MLT"]
[BlackCountry "AUS"]
[WhiteElo "2092"]
[WhiteRD "89"]
[BlackElo "2086"]
[BlackRD "87"]
[GameID "151021"]

1. e4 c5 2. Nf3 Nc6 3. Nc3 e6 4. d4 cxd4 5. Nxd4 Qc7 6. Be3 a6 7. Qd2 Nxd4 8. Bxd4 b5 9. O-O-O Rb8 10. Kb1 b4
11. Ne2 Ne7 12. Be3 Nc6 13. f4 d6 14. Nc1 Be7 15. Be2 a5 16. g4 O-O 17. g5 Rd8 18. Bf3 a4 19. h4 b3 20. cxb3 axb3
21. Nxb3 Nb4 22. h5 d5 23. Qg2 Nxa2 24. Bd4 Rxb3 25. Kxa2 Qc4 26. Kb1 Rd3 27. Be2 dxe4 28. Bxd3 exd3 29. Bc3 Bd7 30. g6 fxg6
31. hxg6 h6 32. Qb7 e5 33. Rh5 Be6 34. Rxe5 Qa4 35. b3 Bxb3 36. Rd2 Ba2+ 37. Kc1 Ba3+ 38. Bb2 Qd4 39. Rb5 Qg1+ 40. Rd1 Qe3+
0-1

[Event "Open Leisure Tournament"]
[Site "SchemingMind.com"]
[Date "2008.04.21"]
[Round "-"]
[White "fishofchaos"]
[Black "Hevin"]
[Result "1-0"]
[WhiteCountry "ENG"]
[BlackCountry "MRI"]
[WhiteElo "1857"]
[WhiteRD "69"]
[BlackElo "1742"]
[BlackRD "196"]
[GameID "151570"]

1. d4 d5 2. c4 dxc4 3. Nf3 Nf6 4. e3 e6 5. Bxc4 Bd6 6. Nc3 O-O 7. O-O Nc6 8. a3 a6 9. e4 b5 10. Ba2 Bb7
11. e5 Ng4 12. exd6 Qxd6 13. h3 Nb4 14. hxg4 Nxa2 15. Rxa2 Rad8 16. Be3 f5 17. gxf5 Rxf5 18. Nh4 Qc6 19. d5 Rdxd5 20. Nxd5 Rxd5
21. Qg4 g6 22. Rc1 Qd6 23. b4 Rh5 24. g3 Qd5 25. Rd2 Rxh4 26. Rxd5 Rxg4 27. Rd8+ Kf7 28. Rxc7+ Kf6 29. Rxb7 Kf5 30. Rxh7 Ke4
31. Rd4+ Kf3 32. Rxg4 Kxg4 33. Ra7 e5 34. Rxa6
1-0

[Event "Open Leisure Tournament"]
[Site "SchemingMind.com"]
[Date "2008.04.21"]
[Round "-"]
[White "Hevin"]
[Black "fishofchaos"]
[Result "1-0"]
[WhiteCountry "MRI"]
[BlackCountry "ENG"]
[WhiteElo "1742"]
[WhiteRD "196"]
[BlackElo "1857"]
[BlackRD "69"]
[GameID "151575"]

1. e4 c5 2. Nf3 Nc6 3. Bc4 e6 4. d3 d5 5. exd5 exd5 6. Bb5 Qa5+ 7. Nc3 d4 8. Bxc6+ bxc6 9. Qe2+ Be7 10. Bd2 dxc3
11. Bxc3 Qb6 12. Bxg7 Qb4+ 13. Bc3 Qb6 14. Bxh8 Be6 15. O-O Nf6 16. Bxf6 Bxf6 17. Rab1 O-O-O 18. c4 Bf5 19. Rfd1 Qc7 20. Rd2 Rg8
21. Re1 Bh3 22. g3 h5 23. Kh1 h4 24. Rg1 Bd7 25. Nxh4 Bg4 26. Qe4 Qe7 27. Qxc6+ Kd8 28. Qa8+
1-0

[Event "Open Leisure Tournament"]
[Site "SchemingMind.com"]
[Date "2008.04.24"]
[Round "-"]
[White "Theodoric"]
[Black "jimbo1531"]
[Result "1-0"]
[WhiteCountry "ENG"]
[BlackCountry "ENG"]
[WhiteElo "1973"]
[WhiteRD "65"]
[BlackElo "1217"]
[BlackRD "221"]
[GameID "151968"]

1. e4 Nf6 2. e5 Nd5 3. d4 e6 4. c4 Bb4+ 5. Nd2 Nb6 6. c5 Nd5 7. a3 Ba5 8. b4 Bxb4 9. axb4 Nxb4 10. Ne4 d5
11. cxd6 cxd6 12. Nxd6+ Kd7 13. Nxf7 Qe8 14. Nxh8 Qxh8 15. Bb5+ N4c6 16. Qg4 h5 17. Qg6 Qe8 18. Qxg7+ Kd8 19. Bg5+ Qe7 20. Bxe7+ Nxe7
21. Qf8+ Kc7 22. Qxe7+ Kb6 23. Qc5#
1-0

[Event "Open Leisure Tournament"]
[Site "SchemingMind.com"]
[Date "2008.04.24"]
[Round "-"]
[White "jimbo1531"]
[Black "Theodoric"]
[Result "0-1"]
[WhiteCountry "ENG"]
[BlackCountry "ENG"]
[WhiteElo "1230"]
[WhiteRD "227"]
[BlackElo "1897"]
[BlackRD "62"]
[GameID "151975"]

1. e4 e6 2. Nc3 c5 3. d4 cxd4 4. Na4 b5 5. Bxb5 Qa5+ 6. Nc3 dxc3 7. Qd3 cxb2+ 8. Kd1 bxa1=Q 9. Qa3 Bxa3 10. Nf3 Qxc1+
11. Ke2 Qxb5+ 12. c4 Qbxc4#
0-1

[Event "Open Leisure Tournament"]
[Site "SchemingMind.com"]
[Date "2008.05.01"]
[Round "-"]
[White "nostromo"]
[Black "karahan676"]
[Result "0-1"]
[WhiteCountry "GBR"]
[BlackCountry "TUR"]
[WhiteElo "1463"]
[WhiteRD "69"]
[BlackElo "1805"]
[BlackRD "160"]
[GameID "152252"]

1. Nf3 d5 2. g3 c5 3. c3 Nc6 4. Bg2 Nf6 5. d4 e6 6. Bf4 cxd4 7. Nxd4 Nxd4 8. cxd4 Bb4+ 9. Nd2 O-O 10. a3 Bd6
11. Bxd6 Qxd6 12. O-O Bd7 13. Re1 Bc6 14. e3 Rfe8 15. Rc1 e5 16. dxe5 Qxe5 17. Qc2 Ne4 18. Nxe4 dxe4 19. b4 h5 20. Qc3 Qg5
21. Red1 h4 22. Qc4 Re6 23. Rd4 hxg3 24. hxg3 Qg4 25. Bxe4 Bxe4 26. Rxe4 Rxe4 27. Qd5 Rae8 28. Rc7 Rxe3 29. Qxf7+ Kh7 30. fxe3 Rxe3
31. Qa2 Qxg3+ 32. Kf1 Re1#
0-1

[Event "Open Leisure Tournament"]
[Site "SchemingMind.com"]
[Date "2008.04.29"]
[Round "-"]
[White "gjttjg"]
[Black "Parne"]
[Result "1-0"]
[WhiteCountry "USA"]
[BlackCountry "SWE"]
[WhiteElo "1345"]
[WhiteRD "94"]
[BlackElo "1489"]
[BlackRD "82"]
[GameID "152506"]

1. d4 d5 2. Be3 Nf6 3. Nc3 e6 4. Qd3 Nc6 5. O-O-O Ng4 6. h3 Nxe3 7. Qxe3 Bb4 8. Nb5 a6 9. Nc3 O-O 10. a3 Bxc3
11. Qxc3 Qd6 12. f3 e5 13. e3 exd4 14. exd4 b5 15. Ne2 b4 16. Qc5 Qxc5 17. dxc5 bxa3 18. bxa3 Rb8 19. Rxd5 Be6 20. Rg5 Ba2
21. Nc3 Be6 22. Bxa6 Ra8 23. Bb7 Rxa3 24. Nb5 Ra1+ 25. Kd2 Rxh1 26. Bxc6 Rd8+ 27. Kc3 h6 28. Rh5 Rg1 29. f4 Rxg2 30. Bxg2 c6
31. Bxc6 Bd7 32. Na7 Bxc6 33. Nxc6 Re8 34. Kc4 Re4+ 35. Kd5 Rxf4 36. Ne7+ Kf8 37. Kd6 Rc4 38. Kd7 Rd4+ 39. Nd5 g5 40. Kd6 Ke8
41. c6 Kd8 42. Rxh6 Re4 43. Rh8+ Re8 44. c7+
1-0

[Event "Open Leisure Tournament"]
[Site "SchemingMind.com"]
[Date "2008.04.28"]
[Round "-"]
[White "Parne"]
[Black "gjttjg"]
[Result "1-0"]
[WhiteCountry "SWE"]
[BlackCountry "USA"]
[WhiteElo "1544"]
[WhiteRD "80"]
[BlackElo "1274"]
[BlackRD "94"]
[GameID "152512"]

1. d4 Nc6 2. Nf3 d6 3. e4 Bg4 4. Bb5 a6 5. Bxc6+ bxc6 6. Qd3 Nf6 7. Bg5 h6 8. Bxf6 gxf6 9. Nc3 Qb8 10. b3 c5
11. dxc5 dxc5 12. e5 fxe5 13. Nxe5 Be6 14. O-O Bg7 15. Nc6 Qb6 16. Qf3 Rg8 17. Ne5 Rd8 18. Nc4 Bxc4 19. bxc4 Bd4 20. Nd5 Qd6
21. Rae1 c6 22. Nxe7 Rg5 23. Nf5+ Qe5 24. Rxe5+ Bxe5 25. Qxc6+ Rd7 26. f4 Rg6 27. Qxc5 Re6 28. fxe5 h5 29. Nd6+ Kf8 30. Qc8+ Kg7
31. Qxd7 h4 32. Rxf7+ Kg6 33. Qxe6+
1-0

[Event "Open Leisure Tournament"]
[Site "SchemingMind.com"]
[Date "2008.05.04"]
[Round "-"]
[White "Marcos Natal"]
[Black "egis"]
[Result "0-1"]
[WhiteCountry "BRA"]
[BlackCountry "LTU"]
[WhiteElo "1306"]
[WhiteRD "123"]
[BlackElo "2024"]
[BlackRD "86"]
[GameID "152631"]

1. d4 Nf6 2. c4 e6 3. Nc3 Bb4 4. a3 Bxc3+ 5. bxc3 c5 6. Nf3 O-O 7. Bg5 h6 8. Bh4 b6 9. e4 d6 10. d5 exd5
11. cxd5 g5 12. Nxg5 hxg5 13. Bxg5 Nbd7 14. h4 Re8 15. Qg4 Nxg4 16. Bxd8 Rxe4+ 17. Be2 Ba6 18. O-O Bxe2 19. Rfe1 Rxd8 20. f3 Re3
21. fxg4 Nf6 22. g5 Nxd5 23. c4 Nf4 24. Kf2 Rde8 25. g3 Rf3+ 26. Kg1 Rxg3+ 27. Kf2 Rg2#
0-1

[Event "Open Leisure Tournament"]
[Site "SchemingMind.com"]
[Date "2008.05.04"]
[Round "-"]
[White "egis"]
[Black "Marcos Natal"]
[Result "1-0"]
[WhiteCountry "LTU"]
[BlackCountry "BRA"]
[WhiteElo "1983"]
[WhiteRD "86"]
[BlackElo "1304"]
[BlackRD "130"]
[GameID "152638"]

1. e4 e5 2. Nf3 Nc6 3. Bb5 a6 4. Ba4 Nf6 5. O-O Be7 6. d3 b5 7. Bb3 d6 8. Bg5 Bg4 9. Bxf6 Bxf6 10. Bd5 Qd7
11. Bxc6 Qxc6 12. Qd2 Bxf3 13. gxf3 h5 14. Nc3 O-O-O 15. a4 g5 16. axb5 axb5 17. Nd5 Rh6 18. Ra5 Rg8 19. Rfa1 Kd7 20. Ra6 Qc5
21. b4 Qd4 22. Nxf6+ Rxf6 23. c3 Rxf3 24. cxd4 exd4 25. Qe2 g4 26. R1a5
1-0

[Event "Open Leisure Tournament"]
[Site "SchemingMind.com"]
[Date "2008.05.07"]
[Round "-"]
[White "griffimv"]
[Black "Zerstörer"]
[Result "1-0"]
[WhiteCountry "INT"]
[BlackCountry "ITA"]
[WhiteElo "2348"]
[WhiteRD "83"]
[BlackElo "1912"]
[BlackRD "94"]
[GameID "152741"]

1. e4 e6 2. d4 d5 3. Nc3 Bb4 4. e5 c5 5. a3 Bxc3+ 6. bxc3 Ne7 7. Qg4 Qc7 8. Qxg7 Rg8 9. Qxh7 cxd4 10. Ne2 Nbc6
11. f4 Bd7 12. Qd3 dxc3 13. Rb1 O-O-O 14. Nxc3 a6 15. Qxa6 bxa6 16. Bxa6+ Qb7 17. Bxb7+ Kc7 18. Kf2 Rb8 19. Bxc6 Nxc6 20. Nb5+ Kb7
21. Nd6+ Kc7 22. Rxb8 Rxb8 23. Nxf7
1-0

[Event "Open Leisure Tournament"]
[Site "SchemingMind.com"]
[Date "2008.05.05"]
[Round "-"]
[White "GrischukFan"]
[Black "gaspero"]
[Result "1-0"]
[WhiteCountry "GER"]
[BlackCountry "ITA"]
[WhiteElo "2359"]
[WhiteRD "89"]
[BlackElo "1417"]
[BlackRD "192"]
[GameID "152742"]

1. d4 Nf6 2. c4 c5 3. d5 d6 4. Nc3 e5 5. e4 g6 6. Bd3 Bg7 7. Nge2 O-O 8. O-O Bg4 9. h3 Bh5 10. g4 Nxg4
11. hxg4 Bxg4 12. f3 Bh3 13. Rf2 Nd7 14. Rh2 Qh4 15. Kh1 a6 16. Ng1 Nf6 17. Rxh3 Qf2 18. Rh2 Qg3 19. Nce2 Qxh2+ 20. Kxh2 Rab8
21. Nh3 Nd7 22. f4 Rfe8 23. Rb1 Nf6 24. Qg1 Nh5 25. f5 b5 26. Ng3 Nxg3 27. Qxg3 a5 28. cxb5 Rec8 29. fxg6 fxg6 30. Ng5
1-0

[Event "Open Leisure Tournament"]
[Site "SchemingMind.com"]
[Date "2008.04.30"]
[Round "-"]
[White "gaspero"]
[Black "GrischukFan"]
[Result "0-1"]
[WhiteCountry "ITA"]
[BlackCountry "GER"]
[WhiteElo "1581"]
[WhiteRD "208"]
[BlackElo "2339"]
[BlackRD "87"]
[GameID "152749"]

1. e4 c5 2. Bc4 Nc6 3. Qh5 e6 4. Nf3 Nf6 5. Qh4 d5 6. exd5 exd5 7. Be2 Be7 8. Qg3 Nh5 9. O-O Nxg3 10. fxg3 O-O
11. d3 Bf6 12. c3 Re8 13. Bd1 Bg4 14. Ba4 Qb6 15. Kh1 Bxf3 16. gxf3 Qa6 17. Bc2 Re2 18. Na3 Ne5 19. Bf4 Nxd3 20. Rab1 Nxf4
21. gxf4 Bxc3 22. bxc3 Qh6
0-1

[Event "Open Leisure Tournament"]
[Site "SchemingMind.com"]
[Date "2008.05.01"]
[Round "-"]
[White "z"]
[Black "rampichino"]
[Result "1-0"]
[WhiteCountry "IRQ"]
[BlackCountry "ITA"]
[WhiteElo "1719"]
[WhiteRD "54"]
[BlackElo "1137"]
[BlackRD "68"]
[GameID "152913"]

1. e4 d5 2. exd5 Qxd5 3. Nc3 Qd6 4. Nf3 Nf6 5. d4 a6 6. a4 Bf5 7. Bd3 Bxd3 8. Qxd3 Nc6 9. O-O O-O-O 10. Rd1 Nb4
11. Qe2 e6 12. Ne4 Nxe4 13. Qxe4 f5 14. Qe2 Be7 15. c3 Nd5 16. Ne5 Rdf8 17. Bd2 g5 18. b4 Nf4 19. Qf3 h5 20. Nc4 Qd8
21. b5 Qd5 22. Qxd5 exd5 23. Ne5 Rhg8 24. bxa6 bxa6 25. c4 dxc4 26. Kf1 Nd3 27. Nxc4 Rd8 28. Bc3 Nb4 29. Rab1 a5 30. Nxa5 Nd5
31. Be1 Rg6 32. Nc4 g4 33. Rb5 Re6 34. Rdb1 Bf6 35. a5 Bxd4 36. a6 Rxa6 37. Rb8+ Kd7 38. R8b5 c6 39. Rb7+ Ke6 40. Rh7 Nf6
41. Rh6 Ra4 42. Na5 c5 43. Nc6 Rd6 44. Nxd4+ cxd4 45. Bd2 Kd5 46. Bg5 Ne4 47. Rxh5 Ra2 48. Bf4
1-0

[Event "Open Leisure Tournament"]
[Site "SchemingMind.com"]
[Date "2008.05.01"]
[Round "-"]
[White "rampichino"]
[Black "z"]
[Result "0-1"]
[WhiteCountry "ITA"]
[BlackCountry "IRQ"]
[WhiteElo "1210"]
[WhiteRD "67"]
[BlackElo "1825"]
[BlackRD "51"]
[GameID "152925"]

1. e4 e6 2. d4 d5 3. e5 c5 4. c3 Nc6 5. Nf3 Bd7 6. Be2 Qb6 7. a3 c4 8. O-O f5 9. Nbd2 Nh6 10. b4 Qc7
11. Bb2 a5 12. Qc2 b5 13. Ng5 a4 14. Bc1 O-O-O 15. Ndf3 Be7 16. Nh4 Rdf8 17. Ngf3 Nf7 18. g3 g5 19. Ng2 Rhg8 20. Be3 Qd8
21. Nd2 Nh8 22. f4 g4 23. Rfc1 Ng6 24. Bf1 h5 25. Bf2 h4 26. Qd1 Rh8 27. Be2 Rfg8 28. Bxg4 fxg4 29. Qxg4 hxg3 30. Bxg3 Ngxe5
0-1

[Event "Open Leisure Tournament"]
[Site "SchemingMind.com"]
[Date "2008.05.05"]
[Round "-"]
[White "Schaakmaatje"]
[Black "Carl Lenox"]
[Result "1-0"]
[WhiteCountry "NED"]
[BlackCountry "CAN"]
[WhiteElo "1768"]
[WhiteRD "47"]
[BlackElo "1264"]
[BlackRD "59"]
[GameID "153159"]

1. d4 d5 2. c4 Nf6 3. Nc3 Nc6 4. cxd5 Nxd4 5. Qxd4 b6 6. e4 c5 7. Qe5 e6 8. Bb5+ Bd7 9. dxe6 fxe6 10. Qxe6+ Be7
11. Bxd7+ Qxd7 12. Qxd7+ Nxd7 13. f4 Rf8 14. Nf3 Rd8 15. Be3 h6 16. Rd1 c4 17. Nd5 a5 18. Nc7+ Kf7 19. Rxd7 Rxd7 20. Ne5+ Kg8
21. Nxd7 Rd8 22. Nxb6 Bb4+ 23. Ke2 c3 24. bxc3 Bxc3 25. Rd1 Re8 26. Nxe8 g6 27. Bd4 Bb4 28. Rc1 Be7 29. Rc7 Kf8 30. Ng7 Bd8
31. Nd7+ Ke7 32. Bc5+ Kf7 33. Ne5+
1-0

[Event "Open Leisure Tournament"]
[Site "SchemingMind.com"]
[Date "2008.05.02"]
[Round "-"]
[White "Sincerus_Serpens"]
[Black "loco61"]
[Result "1-0"]
[WhiteCountry "RUS"]
[BlackCountry "ENG"]
[WhiteElo "2011"]
[WhiteRD "196"]
[BlackElo "1653"]
[BlackRD "67"]
[GameID "153160"]

1. e4 e5 2. Nf3 Nc6 3. Bc4 h6 4. O-O Bc5 5. c3 d6 6. d4 Bb6 7. dxe5 dxe5 8. Qxd8+ Nxd8 9. Nxe5 Be6 10. Bxe6 Nxe6
11. Rd1 f6 12. Ng6 Rh7 13. Na3 Kf7 14. Nf4 g5 15. Nxe6 Kxe6 16. Nc4 Rd7 17. Rxd7 Kxd7 18. Nxb6+ axb6 19. Be3 Re8 20. Rd1+ Ke6
21. f3 Ne7 22. Kf2 c5 23. c4 f5 24. exf5+ Nxf5 25. Rd3 Kf6 26. g4 Nxe3 27. Rxe3 Rd8 28. Ke2 Rd4 29. Re4 Rxe4+ 30. fxe4 Ke5=
31. Ke3 Ke6 32. e5 Kxe5 33. a4 Kd6 34. Ke4 Ke6 35. b3 b5 36. axb5 b6 37. h3 Kd6 38. Kf5 Ke7 39. Ke5 Kd7 40. Kd5 Kc7
41. Ke6 Kc8 42. Kf6 Kd7 43. Kg6 Ke6 44. Kxh6 Kf6 45. Kh5
1-0

[Event "Open Leisure Tournament"]
[Site "SchemingMind.com"]
[Date "2008.05.05"]
[Round "-"]
[White "Carl Lenox"]
[Black "Schaakmaatje"]
[Result "0-1"]
[WhiteCountry "CAN"]
[BlackCountry "NED"]
[WhiteElo "1264"]
[WhiteRD "59"]
[BlackElo "1768"]
[BlackRD "47"]
[GameID "153173"]

1. e4 c5 2. Nc3 d6 3. Nf3 Nc6 4. Bc4 h6 5. O-O e6 6. d3 Be7 7. Bf4 Nf6 8. Qe2 O-O 9. Rad1 d5 10. e5 Nh5
11. Be3 g5 12. a3 dxc4 13. dxc4 Qc7 14. Qd3 Nxe5 15. Qe4 Nxf3+ 16. Qxf3 Ng7 17. Rfe1 Bd7 18. b4 Bc6 19. Ne4 Nf5 20. b5 Bxe4
21. Qxe4 Bd6 22. Bc1 Rad8 23. Bd2 Bxh2+ 24. Kf1 Rd4 25. Qf3 Rfd8 26. c3 Rxd2 27. Qh5 Rxd1 28. Rxd1 Rxd1+ 29. Qxd1 Qd6 30. Qxd6 Nxd6
31. a4 Be5 32. a5 Bxc3 33. Kg1 Bxa5 34. g3 Nxc4
0-1

[Event "Open Leisure Tournament"]
[Site "SchemingMind.com"]
[Date "2008.05.03"]
[Round "-"]
[White "loco61"]
[Black "Sincerus_Serpens"]
[Result "0-1"]
[WhiteCountry "ENG"]
[BlackCountry "RUS"]
[WhiteElo "1633"]
[WhiteRD "70"]
[BlackElo "1986"]
[BlackRD "207"]
[GameID "153174"]

1. e4 e6 2. Nf3 d5 3. exd5 exd5 4. Bb5+ c6 5. Ba4 Nf6 6. d3 Bd6 7. Be3 O-O 8. Nc3 Bg4 9. h3 Bxf3 10. Qxf3 Nbd7
11. d4 Re8 12. O-O-O b5 13. Bb3 a5 14. a3 b4 15. axb4 axb4 16. Na4 Nb6 17. Nxb6 Qxb6 18. Kd2 Ne4+ 19. Ke1 Ra7 20. g4 Rea8
21. Kf1 Qd8 22. Bf4 Qf6
0-1

[Event "Open Leisure Tournament"]
[Site "SchemingMind.com"]
[Date "2008.05.07"]
[Round "-"]
[White "bodek77"]
[Black "CowboyNoel"]
[Result "1-0"]
[WhiteCountry "POL"]
[BlackCountry "USA"]
[WhiteElo "1934"]
[WhiteRD "71"]
[BlackElo "1148"]
[BlackRD "85"]
[GameID "153329"]

1. e4 e5 2. Nf3 Nc6 3. Nc3 Bc5 4. Bc4 d6 5. h3 Be6 6. Bxe6 fxe6 7. d3 d5 8. Bg5 Nf6 9. O-O h6 10. exd5 exd5
11. Bxf6 gxf6 12. Nh4 h5 13. Qf3 Qe7 14. Ng6 Qg7 15. Nxh8 Qxh8 16. Nxd5 O-O-O 17. Nxf6 h4 18. Qf5+ Kb8 19. Nd7+ Ka8 20. Nxc5 Nd4
21. Qe4 c6 22. c3 Nb5 23. Qb4 b6 24. Ne4 Rxd3 25. Rad1 Qd8 26. Rxd3 Qxd3 27. a4 Nc7 28. Qf8+ Kb7 29. Nd6+ Ka6 30. Qc8+ Ka5
31. Qxc7 c5 32. Qxa7+ Qa6 33. Nc4+
1-0

[Event "Open Leisure Tournament"]
[Site "SchemingMind.com"]
[Date "2008.05.07"]
[Round "-"]
[White "CowboyNoel"]
[Black "bodek77"]
[Result "0-1"]
[WhiteCountry "USA"]
[BlackCountry "POL"]
[WhiteElo "1232"]
[WhiteRD "92"]
[BlackElo "1900"]
[BlackRD "76"]
[GameID "153336"]

1. e4 c5 2. Nf3 Nc6 3. Bb5 a6 4. Ba4 b5 5. b4 bxa4 6. bxc5 e5 7. Bb2 Bxc5 8. Nxe5 Qf6 9. Nd3 Bxf2+ 10. Ke2 Nd4+
11. Bxd4 Bxd4 12. Rf1 Qg5 13. Nc3 Qxg2+ 14. Nf2 d6 15. Rb1 Bg4+ 16. Kd3 Bxd1 17. Rbxd1 Bxf2 18. Nd5 Rc8 19. Rb1 Qf3+ 20. Ne3 Nf6
21. Rb4 O-O 22. Rxa4 Rfe8 23. Rb1 Rxe4 24. c4 Bxe3 25. Rab4 Bc5+ 26. Kc2 Bxb4 27. Rxb4 Rexc4+
0-1

[Event "Open Leisure Tournament"]
[Site "SchemingMind.com"]
[Date "2008.05.18"]
[Round "-"]
[White "Hevin"]
[Black "smothered mate"]
[Result "0-1"]
[WhiteCountry "MRI"]
[BlackCountry "POL"]
[WhiteElo "1534"]
[WhiteRD "119"]
[BlackElo "1926"]
[BlackRD "48"]
[GameID "155376"]

1. e4 c5 2. Nf3 d6 3. Bc4 Nf6 4. d3 Nc6 5. Ng5 Ne5 6. Bf4 Nxc4 7. dxc4 h6 8. Nf3 Nxe4 9. Nbd2 Nxd2 10. Qxd2 Be6
11. b3 g5 12. Be3 Bg7 13. Rd1 Qc7 14. a4 f5 15. Qe2 f4 16. Bd2 Bf5 17. Rc1 O-O-O 18. O-O e5 19. Bc3 e4 20. Bxg7 exf3
21. Qxf3 Qxg7 22. Rfe1 Rhe8 23. Rxe8 Rxe8 24. c3 Qe5 25. Rf1 Qe4 26. Qd1 Qd3 27. Qc1 Qc2 28. Qa1 Qxb3 29. h3 Qxc4 30. Rd1 Bd3
31. a5 f3 32. gxf3 Re2 33. a6 Qh4 34. axb7+ Kb8 35. Rf1 Qxh3 36. Qd1 Rd2 37. Qxd2 Qxf1+ 38. Kh2 Qe2 39. Qc1 Qxf2+ 40. Kh3 Bf5#
0-1

[Event "Open Leisure Tournament"]
[Site "SchemingMind.com"]
[Date "2008.05.18"]
[Round "-"]
[White "smothered mate"]
[Black "Hevin"]
[Result "1-0"]
[WhiteCountry "POL"]
[BlackCountry "MRI"]
[WhiteElo "1927"]
[WhiteRD "49"]
[BlackElo "1607"]
[BlackRD "131"]
[GameID "155381"]

1. e4 e5 2. Nf3 Nc6 3. Nc3 Nf6 4. Nxe5 Nxe5 5. d4 Ng6 6. e5 Ng8 7. Bc4 Bb4 8. Qf3 f6 9. O-O Bxc3 10. bxc3 d6
11. Re1 Qe7 12. Ba3 Qf8 13. exd6+ Kd7 14. Be6+ Ke8 15. Bxc8+ Kf7 16. Qd5#
1-0

[Event "Open Leisure Tournament"]
[Site "SchemingMind.com"]
[Date "2008.07.09"]
[Round "-"]
[White "griffimv"]
[Black "GrischukFan"]
[Result "1-0"]
[WhiteCountry "INT"]
[BlackCountry "GER"]
[WhiteElo "2276"]
[WhiteRD "85"]
[BlackElo "2150"]
[BlackRD "77"]
[GameID "162135"]

1. e4 c5 2. Nf3 d6 3. d4 cxd4 4. Nxd4 Nf6 5. Nc3 a6 6. Be3 e6 7. g4 h6 8. Bg2 Nc6 9. h3 Bd7 10. f4 Rc8
11. O-O Be7 12. g5 hxg5 13. fxg5 Nh5 14. Nxc6 Bxc6 15. Qf3 f5= 16. h4
1-0

[Event "Open Leisure Tournament"]
[Site "SchemingMind.com"]
[Date "2008.07.09"]
[Round "-"]
[White "GrischukFan"]
[Black "griffimv"]
[Result "0-1"]
[WhiteCountry "GER"]
[BlackCountry "INT"]
[WhiteElo "2150"]
[WhiteRD "77"]
[BlackElo "2276"]
[BlackRD "85"]
[GameID "162144"]

1. e4 c5 2. Nf3 d6 3. d4 cxd4 4. Nxd4 Nf6 5. Nc3 a6 6. Be2 e5 7. Nb3 Be7 8. O-O O-O 9. Be3 Be6 10. Qd2 Nbd7
11. a4 Rc8 12. a5 Qc7 13. Rfd1 Rfd8 14. Qe1 Qc6 15. Bf3 h6 16. Nc1= Qc7
0-1

[Event "Open Leisure Tournament"]
[Site "SchemingMind.com"]
[Date "2008.08.08"]
[Round "-"]
[White "Schaakmaatje"]
[Black "nevereverwin"]
[Result "1-0"]
[WhiteCountry "NED"]
[BlackCountry "ENG"]
[WhiteElo "1767"]
[WhiteRD "51"]
[BlackElo "1149"]
[BlackRD "90"]
[GameID "165448"]

1. e4 e5 2. Nf3 Nc6 3. Bc4 Bb4 4. O-O Nf6 5. d3 Na5 6. Nxe5 O-O 7. Bb3 Nxb3 8. axb3 d6 9. Nc4 Be6 10. c3 Bxc4
11. bxc4 Re8 12. cxb4 c5 13. bxc5 d5 14. cxd5 Rc8 15. Be3 b6 16. b4 Nd7 17. c6 Ne5 18. Nc3 Qd6 19. Rb1 Rb8 20. Nb5 Qe7
21. d6 Qf6 22. c7 Rb7 23. f4 Nc6 24. d7 Qe7 25. c8=Q Rxd7 26. Qxc6 a6 27. Nd4 Qd6 28. Qb3
1-0

[Event "Open Leisure Tournament"]
[Site "SchemingMind.com"]
[Date "2008.08.08"]
[Round "-"]
[White "nevereverwin"]
[Black "Schaakmaatje"]
[Result "0-1"]
[WhiteCountry "ENG"]
[BlackCountry "NED"]
[WhiteElo "1149"]
[WhiteRD "90"]
[BlackElo "1767"]
[BlackRD "51"]
[GameID "165456"]

1. d4 d5 2. c4 c6 3. Nf3 e6 4. Nc3 f5 5. e3 Nf6 6. c5 Be7 7. Bd3 O-O 8. Ne5 Nbd7 9. O-O Nxe5 10. b4 Nxd3
11. Qxd3 Ne4 12. Bb2 Nxc3 13. Qxc3 Bd7 14. Qd3 Be8 15. Rfe1 Bg6 16. Bc3 f4 17. Qe2 f3 18. Qxf3 Rxf3 19. gxf3 Bd3 20. e4 Bh4
21. Re3 Qg5+ 22. Kh1 Bc4 23. e5 Bxf2 24. f4 Qxf4 25. Rh3 Rf8 26. Rf1 Qe4+
0-1

[Event "Open Leisure Tournament"]
[Site "SchemingMind.com"]
[Date "2008.08.05"]
[Round "-"]
[White "Theodoric"]
[Black "karahan676"]
[Result "1-0"]
[WhiteCountry "ENG"]
[BlackCountry "TUR"]
[WhiteElo "2053"]
[WhiteRD "74"]
[BlackElo "1881"]
[BlackRD "134"]
[GameID "166043"]

1. e4 e5 2. Nf3 Nc6 3. Bc4 Bc5 4. c3 Nf6 5. d4 exd4 6. cxd4 Bb4+ 7. Bd2 Bxd2+ 8. Nbxd2 d5 9. exd5 Nxd5 10. Qb3 Na5
11. Qa4+ c6 12. Bxd5 Qxd5 13. O-O O-O 14. Rfe1 b5 15. Qxa5
1-0